Get the Picture: Star Trek or Star Wars Planets Quiz Stats

 Plays Quiz Updated Apr 8, 2019

Score 0/16 Timer 03:00
12 Plays Today
Question Answer Wrong Answers
Tatooine Star Wars
93.1%
Star Trek
2.6%
Naboo Star Wars
92.1%
Star Trek
3.8%
Earth Star Trek
92%
Star Wars
3.9%
Vulcan Star Trek
91.7%
Star Wars
4.1%
Hoth Star Wars
91.1%
Star Trek
4.8%
Dagobah Star Wars
90.6%
Star Trek
5.2%
Alderaan Star Wars
88.9%
Star Trek
6.8%
Remus Star Trek
86.9%
Star Wars
9.2%
Betazed Star Trek
85%
Star Wars
11%
Genesis Star Trek
84.1%
Star Wars
11.6%
Coruscant Star Wars
82.9%
Star Trek
12.8%
Risa Star Trek
82.6%
Star Wars
13.1%
Bajor Star Trek
82%
Star Wars
13.7%
Cardassia Prime Star Trek
77.9%
Star Wars
18.2%
Kashyyyk Star Wars
75.5%
Star Trek
20.4%
Bespin Star Wars
73%
Star Trek
22.9%

Today's Daily Dose

You're not logged in!

Compare scores with friends on all Sporcle quizzes.
OR
Log In

Sporcle TV

Today on Sporcle TV


Watch our educational content, quiz creation guides, and fun videos on Sporcle TV.

Show Comments

Extras

Top Quizzes Today


Score Distribution

Your Account Isn't Verified!

In order to create a playlist on Sporcle, you need to verify the email address you used during registration. Go to your Sporcle Settings to finish the process.

Report this User

Report this user for behavior that violates our Community Guidelines.

Details: